000 00384pab a2200157 454500
008 180718b1996 xxu||||| |||| 00| 0 eng d
100 _aAgarwala, B.D.
245 _aSelection of vice chancellors
260 _c1996
300 _ap.1-4
362 _a9 Sep
650 _aEducational personnel
650 _aEducational administrators
773 _aUniversity News
909 _a32235
999 _c32235
_d32235